<?xml version="1.0" encoding="UTF-8"?>
<record
    xmlns:xsi="http://www.w3.org/2001/XMLSchema-instance"
    xsi:schemaLocation="http://www.loc.gov/MARC21/slim http://www.loc.gov/standards/marcxml/schema/MARC21slim.xsd"
    xmlns="http://www.loc.gov/MARC21/slim">

  <leader>06074nam a2200253 i 4500</leader>
  <controlfield tag="001">102</controlfield>
  <controlfield tag="003">gtuscu</controlfield>
  <controlfield tag="005">20251029143804.0</controlfield>
  <controlfield tag="007">ta</controlfield>
  <controlfield tag="008">241126t2018    gt b||||r|||| 001 0 spa d</controlfield>
  <datafield tag="020" ind1=" " ind2=" ">
    <subfield code="a">9789929800151</subfield>
    <subfield code="c">Disponible</subfield>
  </datafield>
  <datafield tag="040" ind1=" " ind2=" ">
    <subfield code="a">gtuscu</subfield>
    <subfield code="b">spa</subfield>
    <subfield code="c">gtuscu</subfield>
    <subfield code="d">gtuscu</subfield>
    <subfield code="e">rda</subfield>
  </datafield>
  <datafield tag="082" ind1=" " ind2=" ">
    <subfield code="a">CEUR 711.4 G318c 2018</subfield>
  </datafield>
  <datafield tag="100" ind1="1" ind2=" ">
    <subfield code="a">Gellert, Gisela Irene</subfield>
    <subfield code="e">creadora</subfield>
    <subfield code="9">42</subfield>
  </datafield>
  <datafield tag="245" ind1="1" ind2="0">
    <subfield code="a">Ciudad de Guatemala :</subfield>
    <subfield code="b">dos estudios sobre su evoluci&#xF3;n urbana (1524-1950) /</subfield>
    <subfield code="c">Gisela Irene Gellert y Julio C&#xE9;sar Pinto Soria.</subfield>
  </datafield>
  <datafield tag="250" ind1=" " ind2=" ">
    <subfield code="b">Primera reimpresi&#xF3;n.</subfield>
  </datafield>
  <datafield tag="260" ind1="1" ind2=" ">
    <subfield code="a">Guatemala, Guatemala :</subfield>
    <subfield code="b">Universidad de San Carlos de Guatemala, Centro de Estudios Urbanos y Regionales,</subfield>
    <subfield code="c">2018.</subfield>
  </datafield>
  <datafield tag="300" ind1=" " ind2=" ">
    <subfield code="a">80 p&#xE1;ginas :</subfield>
    <subfield code="c">20.5 cm</subfield>
  </datafield>
  <datafield tag="504" ind1=" " ind2=" ">
    <subfield code="a">Notas bibliogr&#xE1;ficas p&#xE1;ginas 82-91.</subfield>
  </datafield>
  <datafield tag="520" ind1="3" ind2=" ">
    <subfield code="a">Tomado de la Presentaci&#xF3;n. 
En esta publicaci&#xF3;n se presentan dos estudios sobre la evoluci&#xF3;n urbana de la ciudad de Guatemala, elaborados a partir de dos m&#xE9;todos distintos: uno geogr&#xE1;fico y el otro de car&#xE1;cter hist&#xF3;rico.
La historia se ha practicado muy poco hasta hoy en Guatemala; existen trabajos que han abierto brecha en esa disciplina, escritos a partir de la d&#xE9;cada del setenta, pero no pasan de tres o cuatro, y se ocupan de manera general s&#xF3;lo de determinados per&#xED;odos, como es el caso de la colonia y parcialmente del siglo XIX. En el campo de estudios geogr&#xE1;ficos nuestra situaci&#xF3;n es a&#xFA;n m&#xE1;s lamentable. La geograf&#xED;a como ciencia moderna, que investiga la estructura espacial, los factores que determinan su expresi&#xF3;n regional y las relaciones que se dan entre los distintos componentes territoriales, no se practica en el ambiente cient&#xED;fico de Guatemala. Mientras en pa&#xED;ses como M&#xE9;xico y Costa Rica desde hace d&#xE9;cadas se est&#xE1; fomentando la formaci&#xF3;n de ge&#xF3;grafos profesionales, ya que son indispensables en la elaboraci&#xF3;n de estudios regionales y de proyectos de desarrollo, en Guatemala la geograf&#xED;a sigue con su obsoleto enfoque descriptivo y sin campo acad&#xE9;mico propio.
En tales condiciones, resulta l&#xF3;gico que la tem&#xE1;tica urbano-regional siga siendo pr&#xE1;cticamente inexplorada en Guatemala. Con el fin de empezar a llenar tal vac&#xED;o, el CEUR cre&#xF3; una l&#xED;nea de investigaci&#xF3;n sobre la historia territorial de Guatemala y Centroam&#xE9;rica; es decir, el conjunto de fen&#xF3;menos, elementos y relaciones que han determinado a lo largo del tiempo la organizaci&#xF3;n espec&#xED;fica del territorio en su dimensi&#xF3;n econ&#xF3;mica, pol&#xED;tica y social. Esta inquietud dio como resultado algunos avances que fueron publicados por el CEUR; pero, honestamente, no constituyen m&#xE1;s que un grano de arena en lo mucho que queda por hacer.
Por ello, el CEUR se siente satisfecho de presentar esta vez dos estudios sobre la evoluci&#xF3;n urbana de la ciudad de Guatemala, que cubren desde el primer establecimiento realizado por Pedro de Alvarado en 1524 &#x2014;la ciudad &#x201C;campamento&#x201D;, la ciudad &#x201C;itinerante&#x201D; de los primeros d&#xED;as&#x2014; hasta mediados del presente siglo, cuando se interrumpi&#xF3; definitivamente la persistente estructura urbana colonial en nuestra capital. El tiempo abarcado y la dimensi&#xF3;n de los trabajos podr&#xED;a llevar a pensar que se cay&#xF3; en superficialidad; sin embargo, haciendo uso de la s&#xED;ntesis y apoyados en fuentes s&#xF3;lidas, los autores lograron dar una buena visi&#xF3;n &#x2014;y en este sentido se complementan los dos enfoques&#x2014; sobre las etapas evolutivas que atraves&#xF3; la ciudad de Guatemala, rescatando la vida real de las distintas capas urbanas a lo largo del proceso.  
El primer trabajo, DESARROLLO DE LA ESTRUCTURA ESPACIAL EN LA CIUDAD DE GUATEMALA: DESDE SU FUNDACION HASTA LA REVOLUCION DE 1944, fue presentado como ponencia en el Seminario "Pensemos la Ciudad", realizado por el CEUR y el Instituto para el Desarrollo Econ&#xF3;mico y Social de Am&#xE9;rica Central -IDESAC- en la ciudad de Guatemala durante el mes de noviembre de 1988. Los resultados del Seminario fueron publicados en su oportunidad (*), con excepci&#xF3;n de esta ponencia que por su extensi&#xF3;n s&#xF3;lo se di&#xF3; a conocer en forma de resumen. En esta ocasi&#xF3;n se presenta completa, revisada y ampliada por su autora, con un anexo de mapas y planos valioso por ilustrar el desarrollo urbano de la ciudad capital y porque algunos de ellos son poco conocidos en nuestro medio. El estudio visualiza los cambios en la estructura espacial y funcional, analizando los factores causantes de este proceso. Uno de los aportes del trabajo es que se propone, tal vez por primera vez, una fundamentada periodizaci&#xF3;n del desarrollo urbano de la ciudad.
El segundo trabajo, GUATEMALA DE LA ASUNCION: UNA SEMBLANZA HISTORICA, como lo se&#xF1;ala su t&#xED;tulo, persigue dar una visi&#xF3;n global sobre la ciudad a partir del traslado de 1776 y, en alguna manera, viene a completar el de Gisela Gellert al enmarcar el tema dentro del contexto de la historia nacional, ubicando las transformaciones que Ocurren en la capital como reflejo del sistema socio-econ&#xF3;mico imperante en el pa&#xED;s. Este &#xE1;ngulo de an&#xE1;lisis le permite al autor plantear hip&#xF3;tesis interesantes sobre fen&#xF3;menos urbanos poco estudiados hasta ahora y que la investigaci&#xF3;n posterior se encargar&#xE1; de verificar.
Para finalizar, al leer estos trabajos nos damos cuenta que las extremas desigualdades que imperan hoy con todas sus consecuencias de injusticia social, discriminaci&#xF3;n en la dotaci&#xF3;n de servicios, etc., estaban ya presentes desde el momento mismo de la fundaci&#xF3;n de la capital. En este sentido, el CEUR espera aportar no s&#xF3;lo con un texto para la docencia universitaria, sino tambi&#xE9;n con conocimientos s&#xF3;lidos que n&#x254;s permitan entender mejor nuestro desarrollo y con ello los problemas que afectan actualmente a Guatemala, dejando a un lado mitificaciones y deformaciones que siempre han pasado sobre la interpretaci&#xF3;n de nuestro pasado.
Seminario "Pensemos la Ciudad". Ciudad de Guatemala: CEUR/USAC-/IDESAC, 1989.
</subfield>
  </datafield>
  <datafield tag="650" ind1="1" ind2="4">
    <subfield code="a">Urbanismo</subfield>
    <subfield code="v">Historia</subfield>
    <subfield code="x">Guatemala</subfield>
    <subfield code="y">1524-1950</subfield>
  </datafield>
  <datafield tag="700" ind1="1" ind2=" ">
    <subfield code="a">Pinto Soria, Julio C&#xE9;sar</subfield>
    <subfield code="e">creador</subfield>
    <subfield code="9">43</subfield>
  </datafield>
  <datafield tag="942" ind1=" " ind2=" ">
    <subfield code="2">ddc</subfield>
    <subfield code="c">BK</subfield>
    <subfield code="n">0</subfield>
    <subfield code="h">CEUR 711.4 G318c 2018</subfield>
  </datafield>
  <datafield tag="999" ind1=" " ind2=" ">
    <subfield code="c">102</subfield>
    <subfield code="d">102</subfield>
  </datafield>
  <datafield tag="952" ind1=" " ind2=" ">
    <subfield code="0">0</subfield>
    <subfield code="1">0</subfield>
    <subfield code="2">ddc</subfield>
    <subfield code="4">0</subfield>
    <subfield code="7">0</subfield>
    <subfield code="8">gn</subfield>
    <subfield code="a">BICEUR</subfield>
    <subfield code="b">BICEUR</subfield>
    <subfield code="d">2019-09-20</subfield>
    <subfield code="e">Donaci&#xF3;n CEUR</subfield>
    <subfield code="i">16H-BF20</subfield>
    <subfield code="l">0</subfield>
    <subfield code="o">CEUR 711.4 G318c 2018</subfield>
    <subfield code="p">BFQS 00020</subfield>
    <subfield code="r">2024-11-26 11:53:00</subfield>
    <subfield code="y">BK</subfield>
    <subfield code="z">Disponible</subfield>
  </datafield>
  <datafield tag="952" ind1=" " ind2=" ">
    <subfield code="0">0</subfield>
    <subfield code="1">0</subfield>
    <subfield code="2">ddc</subfield>
    <subfield code="4">0</subfield>
    <subfield code="7">0</subfield>
    <subfield code="8">gn</subfield>
    <subfield code="a">BICEUR</subfield>
    <subfield code="b">BICEUR</subfield>
    <subfield code="d">2019-09-20</subfield>
    <subfield code="e">Donaci&#xF3;n CEUR</subfield>
    <subfield code="i">16H-BF21</subfield>
    <subfield code="l">0</subfield>
    <subfield code="o">CEUR 711.4 G318c 2018 C.2</subfield>
    <subfield code="p">BFQS00021</subfield>
    <subfield code="r">2024-11-26 11:53:00</subfield>
    <subfield code="t">2</subfield>
    <subfield code="y">BK</subfield>
    <subfield code="z">Disponible</subfield>
  </datafield>
  <datafield tag="952" ind1=" " ind2=" ">
    <subfield code="0">0</subfield>
    <subfield code="1">0</subfield>
    <subfield code="2">ddc</subfield>
    <subfield code="4">0</subfield>
    <subfield code="7">0</subfield>
    <subfield code="8">gn</subfield>
    <subfield code="a">BICEUR</subfield>
    <subfield code="b">BICEUR</subfield>
    <subfield code="d">2019-09-20</subfield>
    <subfield code="e">Donaci&#xF3;n CEUR</subfield>
    <subfield code="i">16H-BF22</subfield>
    <subfield code="l">0</subfield>
    <subfield code="o">CEUR 711.4 G318c 2018 C.3</subfield>
    <subfield code="p">BFQS00022</subfield>
    <subfield code="r">2024-11-26 11:53:00</subfield>
    <subfield code="t">3</subfield>
    <subfield code="y">BK</subfield>
    <subfield code="z">Disponible</subfield>
  </datafield>
</record>
